000 00391 a2200169 4500
001 69969
020 _a8520916554
040 _cAnchieta - Itaigara
100 _aMachado, Ana Maria
240 1 0 _aO príncipe que bocejava
_lpor
245 1 0 _aO príncipe que bocejava
300 _a24
362 0 _a2004
440 1 _aNova Fronteira
650 4 _aLiteratura infanto-juvenil
942 _cBK
999 _c69969
_d69969